The protection of cultural property in armed conflict (Record no. 73645)
[ view plain ]
| 000 -LEADER | |
|---|---|
| fixed length control field | 01370cam a2200241 4500 |
| 001 - CONTROL NUMBER | |
| control field | ABS67116 |
| 008 - FIXED-LENGTH DATA ELEMENTS--GENERAL INFORMATION | |
| fixed length control field | 031024n2003 000 0 eng u |
| 035 ## - SYSTEM CONTROL NUMBER | |
| System control number | (Sirsi) u124017 |
| 100 ## - MAIN ENTRY--PERSONAL NAME | |
| Personal name | Chamberlain, K. |
| 245 #4 - TITLE STATEMENT | |
| Title | The protection of cultural property in armed conflict |
| 260 ## - PUBLICATION, DISTRIBUTION, ETC. | |
| Date of publication, distribution, etc. | 2003 |
| 490 ## - SERIES STATEMENT | |
| Series statement | Art Antiquity and Law |
| Volume/sequential designation | VVIII(3) September 2003, 209-240(32) |
| 520 ## - SUMMARY, ETC. | |
| Summary, etc. | Examines existing international law as it applies to the protection of cultural property in armed conflict and comments on the extent to which the participants in the recent Iraqi conflict have fulfilled their obligations. Traces the evolution of international agreements and treaties aimed at protecting cultural objects during times of armed conflict from the Hague Convention 1899 up to the UNESCO Convention on the Means of Prohibiting and Preventing the Illicit Import, Export and Transfer of Ownership of Cultural Property 1970. |
| 590 ## - LOCAL NOTE (RLIN) | |
| Local note | ABS |
| 650 ## - SUBJECT ADDED ENTRY--TOPICAL TERM | |
| Topical term or geographic name entry element | CULTURAL PROPERTY |
| 650 ## - SUBJECT ADDED ENTRY--TOPICAL TERM | |
| Topical term or geographic name entry element | INTERNATIONAL LAW |
| 650 ## - SUBJECT ADDED ENTRY--TOPICAL TERM | |
| Topical term or geographic name entry element | WAR |
| 650 ## - SUBJECT ADDED ENTRY--TOPICAL TERM | |
| Topical term or geographic name entry element | INTERNATIONAL COOPERATION |
| 650 ## - SUBJECT ADDED ENTRY--TOPICAL TERM | |
| Topical term or geographic name entry element | CONVENTION ON THE MEANS OF PROHIBITING AND PREVENTION OF THE ILLICIT IMPORT, EXPORT AND TRANSFER OF OWNERSHIP OF CULTURAL PROPERTY 1970 |
| 650 ## - SUBJECT ADDED ENTRY--TOPICAL TERM | |
| Topical term or geographic name entry element | CONVENTION ON THE PROTECTION OF CULTURAL PROPERTY IN TIME OF ARMED CONFLICT 1954 |
| 690 ## - LOCAL SUBJECT ADDED ENTRY--TOPICAL TERM (OCLC, RLIN) | |
| Topical term or geographic name as entry element | Arts and antiques |
| 9 (RLIN) | 6217 |
| 942 ## - ADDED ENTRY ELEMENTS (KOHA) | |
| Suppress in OPAC | 0 |
| Withdrawn status | Lost status | Source of classification or shelving scheme | Damaged status | Not for loan | Home library | Current library | Shelving location | Date acquired | Total Checkouts | Full call number | Barcode | Date last seen | Copy number | Price effective from | Koha item type |
|---|---|---|---|---|---|---|---|---|---|---|---|---|---|---|---|
| Dewey Decimal Classification | London | London | Journal article | 24/10/2003 | ABS67116 | 124017-1001 | 06/08/2019 | 1 | 06/08/2019 | Journal article |